Transport and Road Research Laboratory, Department of Enviroment. Department of Transport. Shared taxi operation: cost considerations
Gorde:
| Erakunde egilea: | |
|---|---|
| Beste egile batzuk: | , |
| Formatua: | Liburua |
| Hizkuntza: | Spanish |
| Argitaratua: |
Crowthorne, Berkshire : Transport and Road Research Laboratory,
1983
|
| Saila: | TRRL Supplementary Report
|
| Gaiak: | |
| Etiketak: |
Etiketa erantsi
Etiketarik gabe, Izan zaitez lehena erregistro honi etiketa jartzen!
|
MARC
| LEADER | 00000nam a2200000Ia 4500 | ||
|---|---|---|---|
| 003 | 003359 | ||
| 005 | 20221231144002.0 | ||
| 008 | 140114s1983 enka 000 ||spa d | ||
| 040 | |c cru CEDI | ||
| 082 | |a 625.707.2 T772t | ||
| 110 | |9 21789 |a Transport and Road Research Laboratory. | ||
| 245 | |a Transport and Road Research Laboratory, Department of Enviroment. Department of Transport. |b Shared taxi operation: cost considerations | ||
| 260 | |a Crowthorne, Berkshire : Transport and Road Research Laboratory, |c 1983 | ||
| 300 | |a 12[2]páginas : ilustraciones ; 30 cm. | ||
| 440 | |a TRRL Supplementary Report |n 793 |9 21787 | ||
| 650 | |x TRANSPORTE MOTORIZADO |x CARRETERAS |x INVESTIGACIONES |x REGIONES SUBDESARROLLADAS |9 21788 | ||
| 700 | |9 21785 |a Greening,P.A.K | ||
| 700 | |9 21786 |a Jackson, R.L | ||
| 942 | |2 ddc |c BK | ||
| 999 | |c 15203 |d 15203 | ||
